Statistics for Brooklyn Nine-Nine Actors by Picture Quiz

Click here to take the quiz!

General Stats

  • This quiz has been taken 46 times
  • The average score is 6 of 16

Answer Stats

Answer% Correct
Andy Samberg
95%
Terry Crews
95%
Andre Braugher
68%
Melissa Fumero
63%
Stephanie Beatriz
63%
Chelsea Peretti
60%
Joe Lo Truglio
55%
Craig Robinson
18%
Jason Mantzoukas
15%
Marc Evan Jackson
15%
Dean Winters
10%
Kyra Sedgwick
10%
Ken Marino
8%
Bradley Whitford
5%
Vanessa Bayer
5%
Paul Adelstein
0%

Score Distribution

Percentile by Number Answered

Percent of People with Each Score

Your Score History

You have not taken this quiz